000 01026naa a22002777a 4500
001 BR8302715
003 BR-BrBNA
005 20240918175259.0
007 ta
008 230509b bl.||||| |||| 00| 0 por d
040 _aBR-BrBNA
_bpor
_cBiblioteca Nacional de Agricultura
041 _a(Pt)
072 _aU20
090 _aU20 BR8302715
100 1 _aCruz, E.R. da
111 1 _a4. Congresso Paulista de Agronomia. Agronomia ano 2000
_cCampinas, SP (Brazil)
_d8-10 Aug 1983
245 1 _aInformatica a servico do produtor rural [computador, sistema de informacao]
260 3 _aSao Paulo, SP (Brasil):
_c1983.
500 _a4. Congresso Paulista de Agronomia. Agronomia ano 2000 Sao Paulo, SP (Brasil): 1983. p. 29-36 (BR8302715-AM)U20
650 _aSISTEMA DE INFORMACAO
650 _aCOMPUTADOR
650 _aPRODUTOR
773 0 _t4. Congresso Paulista de Agronomia. Agronomia ano 2000
_wU20 BR8302715
_gSao Paulo, SP (Brasil), 1983. p. 29-36
909 _a202404
_bLucia
_c55
_dLucia Elande
942 _cAM
_2AGRIS
999 _c315989
_d315989